| 000 | 01194cam a2200325 i 4500 | ||
|---|---|---|---|
| 001 | 26581 | ||
| 003 | Mx-PuUPA | ||
| 005 | 20250430124023.0 | ||
| 008 | 140415s2005 nyu fr 001 0 eng d | ||
| 020 |
_a9780374292881 _qISBN 13 |
||
| 020 |
_a0374292884 _qISBN 10 _qempastado _qpapel alcalino |
||
| 040 |
_aMx-PuUPA _bspa _cMx-PuUPA _dMx-PuUPA _erda |
||
| 041 | 0 | _aeng | |
| 100 | 1 |
_aFriedman, Thomas L., _d1953- _eautor _91110 |
|
| 245 | 1 | 3 |
_aThe world is flat : _ba brief history of the twenty-first century / _cThomas L. Friedman |
| 250 | _aFirst edition | ||
| 264 | 1 |
_aNew York : _bFarrar, Straus and Giroux, _c2005 |
|
| 300 |
_avii, 488 páginas ; _c24 cm |
||
| 336 |
_2rdacontent _atexto _btxt |
||
| 337 |
_2rdamedia _asin medio _bn |
||
| 338 |
_2rdacarrier _avolumen _bnc |
||
| 650 | 7 |
_2armarc _aDifusión de innovaciones |
|
| 650 | 7 |
_2armarc _aSociedad de la información |
|
| 650 | 7 |
_2armarc _aGlobalización _xAspectos económicos |
|
| 650 | 7 |
_2armarc _aGlobalización _xAspectos sociales |
|
| 942 |
_2ddc _cLI _h303.4833 _iF87 |
||
| 999 |
_c26581 _d26581 |
||